Systems analysis in libraries <a> question and answer approach

Gespeichert in:
Bibliographische Detailangaben
1. Verfasser: Gough, Chet
Weitere Verfasser: Srikantaiah, Taverekere
Format: Buch
Sprache:Englisch
Veröffentlicht: Hamden Shoe String Press 1978
Tags: Tag hinzufügen
Keine Tags, Fügen Sie das erste Tag hinzu!

MARC

LEADER 00000nam a2200000 4500
001 c136992
005 20041019155308.6
041 0 |a eng 
044 |a US 
245 1 0 |a Systems analysis in libraries  |b <a> question and answer approach  |c Chet Gough, Taverekere Srikantaiah 
264 1 |a Hamden  |b Shoe String Press  |c 1978 
300 |a 158 s. 
100 1 |a Gough, Chet 
700 1 |a Srikantaiah, Taverekere